000 01444cam a22003735a 4500
001 14533583
003 EG-ScBUE
005 20220123112745.0
008 060905s2007 enka f b 001 0 eng d
020 _a9780582784093 (pbk.)
020 _a0582784093 (pbk.)
040 _aDLC
_beng
_erda
_cDLC
_dDLC
_dEG-ScBUE
043 _ae-uk---
_an-us---
082 0 4 _222
_a823.009
_bLEE
100 1 _940306
_aLeech, Geoffrey N.,
_eauthor.
245 1 0 _aStyle in fiction :
_ba linguistic introduction to English fictional prose /
_cGeoffrey Leech, emeritus professor of linguistics and English language, Lancaster University, Mick Short, professor of English and literature, Lancaster University.
250 _aSecond edition.
264 1 _aLondon ;
_aNew York :
_bRoutledge,
_c2007.
300 _axiii, 404 pages :
_billustrations ;
_c22 cm.
336 _2rdacontent
_atext
_btxt
337 _2rdamedia
_aunmediated
_bn
338 _2rdacarrier
_avolume
_bnc
490 0 _aEnglish language series
504 _aIncludes bibliographical references and index.
650 7 _aEnglish fiction
_xHistory and criticism.
_2BUEsh
_940307
650 7 _aAmerican fiction
_xHistory and criticism.
_2BUEsh
_940308
650 7 _aEnglish language
_xStyle.
_2BUEsh
_939128
650 7 _aFiction
_xTechnique.
_2BUEsh
_99500
651 _2BUEsh
653 _cJune2016
_bHHUUEENN
655 _vReading book
_934232
700 1 _aShort, Mick,
_eauthor.
942 _2ddc
_cBB
999 _c21947
_d21919